Państwa muzułmańskie - nagła śmierć - Statystyki

Ogólne statystyki
  • Ten quiz został rozwiązany 16 649 razy
  • Średni wynik to 10 z 21
Answers on the Grid
Answers color-coded by a green-red scale on the quiz's grid according to % correct below.
Afganistan
Armenia
Azerbejdżan
Bangladesz
Brunei
Chorwacja
Kuba
Demokratyczna Republika Konga
Egipt
Etiopia
Francja
Gruzja
Iran
Irak
Izrael
Kazachstan
Kosowo
Kuwejt
Liban
Mali
Maroko
Nepal
Pakistan
Katar
Senegal
Somalia
Sudan Południowy
Sudan
Syria
Tanzania
Tunezja
Turcja
 
Statystyki odpowiedzi
Odpowiedź % Poprawnych
Afganistan
87%
Egipt
62%
Iran
62%
Irak
59%
Turcja
53%
Syria
52%
Azerbejdżan
51%
Maroko
51%
Pakistan
50%
Katar
49%
Kuwejt
48%
Tunezja
46%
Liban
44%
Sudan
40%
Bangladesz
38%
Somalia
36%
Brunei
31%
Kosowo
29%
Mali
28%
Kazachstan
24%
Senegal
23%
Nie znaleziono quizów pasujących do podanych kryteriów
Rozkład punktacji
Procent ludzi z każdym wynikiem
Percentyl według liczby udzielonych odpowiedzi
Twoja historia wyników
Nie rozwiązałeś tego quizu